00396nam a2200085Ia 4500008004100000245010600041260000900147300012200156650003200278180130s9999 xx 000 0 und d cHopp, DoreetaCreativity and play in the shadow of war: a discussion of The Notebook by Agota Kristof c2014 aBook title: Play : psychoanalytic perspectives, survival and human development--Acession number C18636; pages 103-114 aPLAY--PSYCHOLOGICAL ASPECTS